| 000 | 00727nam a22002297a 4500 | ||
|---|---|---|---|
| 001 | 86904 | ||
| 003 | UA-OsUOA | ||
| 005 | 20220912115427.0 | ||
| 007 | ta | ||
| 008 | 20120912b un ||||| |||| 00| 0 ukr d | ||
| 040 |
_aUA-OsUOA _brus _cUA-OsUOA _dUA-OsUOA |
||
| 041 | _arus | ||
| 080 | _a82.09 | ||
| 090 |
_a82.09 _bЛ80 |
||
| 100 | _aЛотман Ю. М. | ||
| 245 |
_aАлександр Сергеевич Пушкин. Биография писателя _bпособие для учащихся _cЮ. М. Лотман |
||
| 260 |
_aЛенинград _bПросвещение _c1982 |
||
| 300 | _a255 с. | ||
| 650 | 7 |
_a82 Література. Літературознавство _2UDC |
|
| 942 |
_cBK _2udc |
||
| 955 | _a2 | ||
| 999 |
_c373092 _d373092 |
||